LEADER 01383nam a2200313 a 4500 001 000000132035 003 CaOOAMICUS 005 20121210120203.0 008 121210s1999 it u000 u ita r 020 $a88-428-0767-2 040 $aPUL$bita 041 1 $aita$heng 100 1 $aGiddens, Anthony,$d1938-$0(OLS)http://pul/name/31803 240 10$aThird way.$lItaliano.$0(OLS)http://pul/title/166828 245 13$aLa terza via :$b[manifesto per la rifondazione della socialdemocrazia] /$cAnthony Giddens ; prefazione di Romano Prodi ; traduzione di Luca Fontana. 260 $aMilano :$bIl Saggiatore,$c©1999. 300 $a156 p. ;$c22 cm 490 1 $aNuovi saggi 650 4$aSocialdemocrazia.$0(OLS)http://pul/subject/39110 700 1 $aProdi, Romano.$0(OLS)http://pul/name/20796 700 1 $aFontana, Luca.$0(OLS)http://pul/name/85033 830 0$aNuovi saggi (Il Saggiatore).$0(OLS)http://pul/title/166831 850 $aPUL 852 $aPUL$W1$xDP1 Fondo E. Rossi$y115$m1 G 14$j42582$qFondi$B151307$CPULBib$Z2$F151307 $82 941 1 $a1 961 $aSul dorso collocazione ms. di E. Rossi: G 11 1 1 996 $6020$a88-428-0767-2$9(OLS)http://pul/number/151327 996 $6245$aLa terza via :$b[manifesto per la rifondazione della socialdemocrazia]$9(OLS)http://pul/title/166829 996 $6260$aMilano :$bIl Saggiatore$9(OLS)http://pul/publisher/49408 LEADER 01632nam a2200349 a 4500 001 000000140966 003 CaOOAMICUS 005 20160322105826.0 008 141217s2014 it u000 u ita r 020 $a978-88-7839-290-8 032 $aLibriCat 040 $aPUL$bita 082 04$a262.91 110 2 $aPapi (2013-2025 : Franciscus).$0(OLS)http://pul/name/86910 245 10$aEvangelii gaudium: il testo ci interroga :$bchiavi di lettura, testimonianze e prospettive /$ca cura di Humberto Miguel Yáñez. 260 $aRoma :$bGregorian & Biblical Press,$c©2014. 300 $a293 p. ;$c21 cm 490 1 $aTheologia.$aSerie di teologia morale ;$v13 504 $aBibliografia in nota. 610 24$aPapi (2013-2025 : Franciscus)$tEvangelii Gaudium.$0(OLS)http://pul/subject/41351 700 1 $aYáñez, Humberto Miguel,$cS.I.$0(OLS)http://pul/name/90804 830 0$aTheologia.$pSerie di teologia morale ;$v13.$0(OLS)http://pul/title/178363 850 $aPUL 852 $aPUL$W1$xSL Diritto Canonico 3$y77$m262. 91 YANHU 1$j162738$qDDC 21$q $B162387$CPULBib$Z2$F162387 $H125065 $81 900 $aFranciscus PP.,$d1936-2025$986910 900 $aFranciscus PP.,$d1936-2025$986910 941 1 $a9 996 $6020$a978-88-7839-290-8$9(OLS)http://pul/number/156583 996 $6082$a262.91$9(OLS)http://pul/classification/1668 996 $6245$aEvangelii gaudium: il testo ci interroga :$bchiavi di lettura, testimonianze e prospettive$9(OLS)http://pul/title/178362 996 $6260$aRoma :$bGregorian & Biblical Press$9(OLS)http://pul/publisher/81048